000 03246nam a22002537a 4500
003 DO-SdBJH
005 20260312200027.0
008 260312b2025 |||d|||| |||| 00| 0 spa d
040 _aDO-SdBJH
_bspa
_cDO-SdBJH
041 0 _aspa
090 _aCT MA-SDN 0019
_bEGAEE 2025
100 1 _aMoreta Fermín, Enmanuel Adolfo
_esustentante
245 1 0 _aVentajas competitivas de República Dominicana en el marco de una estrategia nacional de ciberseguridad correlacionada con la integración en un sistema interamericano, 2020-2025 /
_cEnmanuel Adolfo Moreta Fermín, Eddy Elizardo Gerónimo Soto ; asesor metodológico Johany Acevedo Cabrera ; asesor de contenido Piero Alvigni.
260 _aSanto Domingo, República Dominicana :
_bUNADE,
_c2025.
300 _axxvi, 111 páginas :
_bgráficas.
502 _aTesis y trabajo de grado (Maestría en Seguridad y Defensa Nacional)--Universidad Nacional para la Defensa "General Juan Pablo Duarte y Díez", Escuela de Graduados de Altos Estudios Estratégicos, Santo Domingo, 2025.
504 _aIncluye referencias bibliográficas y anexos.
505 _aEstado actual de la estrategia nacional de ciberseguridad de República Dominicana y su integración con el sistema interamericano -- Relación de la Estrategia nacional de ciberseguridad con la obtención de ventajas competitivas en República Dominicana -- Correlación que hay en la integración en un sistema interamericano de ciberseguridad y su impacto en la obtención de ventajas competitivas para República Dominicana.
520 _aVentajas competitivas de República Dominicana en el marco de una estrategia nacional de ciberseguridad correlacionada con la integración en un sistema interamericano, 2020-2025, es una investigación cuya meta es establecer la relación entre ventajas competitivas, la estrategia cibernética del país y la integración en el contexto interamericano. Las amenazas cibernéticas transnacionales requieren un esfuerzo colaborativo de carácter internacional, en el que la integración de República Dominicana en un sistema interamericano de ciberseguridad le aporta ventajas competitivas. Esta cooperación ofrece acceso a las últimas tecnologías avanzadas, prácticas de seguridad mejoradas y un entorno normativo armonizado. Siguiendo un enfoque cualitativo, en el desarrollo se ha optado por un alcance de investigación descriptivo. Las variables se han medido mediante revisión documental y entrevistas. En este sentido, se propuso describir la situación de la ciberseguridad en el país y su alineación con las tendencias y prácticas regionales, discutir la relación entre ciberseguridad, desarrollo y competitividad nacional y proponer formas de mejorar la colaboración regional y la estandarización de normas. A dicho respecto, destaca que una estrategia de ciberseguridad robusta y regionalmente integrada no protege simplemente las infraestructuras críticas del país, sino que también impulsa su atractivo para la inversión extranjera y su competitividad en una economía digital.
700 1 _aGerónimo Soto, Eddy Elizardo
_esustentante
700 1 _aAcevedo Cabrera, Johany
_easesor metodológico
700 1 _aAlvigni, Piero
_easesor de contenido
942 _2CL
_cT
999 _c8605
_d8605